000 004320000a22001570004500
090 _aAR
_b00322
245 1 0 _aBacterial diversity and the environment
650 1 4 _aBacterias
_993201
650 1 4 _aEvolución
_992797
650 1 4 _aEcología
_992250
650 1 4 _aDiversidad
_993036
041 0 _aInglés
100 1 _aThomas, Christopher M.
_993202
942 _cARTICULO
773 1 _tElsevier Science Publishers
_3133
_h14
_q327-329
_d1996
999 _c9420
_d9420